Paměť /
„Tato kniha nabízí radikálně nové a poutavé vysvětlení toho, jak a proč si pamatujeme.“Matthew Walker, autor knihy Proč spíme Často marně vzpomínáte, kam jste položili klíče? Pamatujete si něco jinak než vaši kamarádi? Zkrátka zapomínáte? Není důvod k panice!Paměť je mnohem víc než jen dokonalý zázn...
Uloženo v:
| Hlavní autor: | |
|---|---|
| Médium: | E-kniha |
| Jazyk: | Czech |
| Vydáno: |
Praha :
Jan Melvil Publishing s.r.o.,
2025
|
| Tagy: |
Žádné tagy |
| LEADER | 02455nam a22002297i 4500 | ||
|---|---|---|---|
| 001 | 312642 | ||
| 007 | ta | ||
| 008 | 260601s2025 xr ||||| |||| 00| 0 cze d | ||
| 020 | |a 9788075552563 | ||
| 044 | |a xr | ||
| 100 | 1 | |a Ranganath, Charan |4 aut | |
| 245 | 1 | 0 | |a Paměť / |c Ranganath, Charan |
| 264 | 1 | |a Praha : |b Jan Melvil Publishing s.r.o., |c 2025 | |
| 300 | |a 1 online zdroj (352 stran) | ||
| 336 | |a text |b txt |2 rdacontent | ||
| 337 | |a bez média |b n |2 rdamedia | ||
| 338 | |a online zdroj |b cr |2 rdacarrier | ||
| 520 | 2 | |a „Tato kniha nabízí radikálně nové a poutavé vysvětlení toho, jak a proč si pamatujeme.“Matthew Walker, autor knihy Proč spíme Často marně vzpomínáte, kam jste položili klíče? Pamatujete si něco jinak než vaši kamarádi? Zkrátka zapomínáte? Není důvod k panice!Paměť je mnohem víc než jen dokonalý záznam minulosti – a navíc ji lze úspěšně vycvičit, abyste si zapamatovali to, co je pro váš život skutečně důležité. Lidský mozek totiž není stavěn k memorování, ale především k myšlení.Neurovědec a psycholog Charan Ranganath na základě aktuálních výzkumů a poutavých osobních příběhů boří zažité mýty o vzpomínkách, zapomínání i efektivním učení. Odhaluje nejen způsob, jímž náš mozek pracuje s minulostí, ale především, jak tyto informace dále využíváme k porozumění sobě samým, ve vztazích nebo ke spřádání představ o budoucnosti. V knize se mimo jiné dozvíte:– Kdybychom nezapomínali, bylo by nutné uložit si denně do hlavy asi 34 gigabajtů informací.– Schopnost vybavit si to, co právě potřebujeme, si lze osvojit.– Pomocí práce s pamětí můžeme vyváznout ze zajetí předsudků i ze spárů traumatu.– Lidem lze překvapivě snadno vsugerovat falešné vzpomínky, a to i na činy, které nespáchali.– Zhoršování paměti během stárnutí se můžeme bránit osvědčenými postupy.– Poznejte fascinující mechanismy, které hrají klíčovou roli v tom, jak prožíváme své životy. | |
| 910 | |a RBIT002 | ||
| 998 | |d 417434 |a https://core.palmknihy.cz/api/books/417434/cover?ss124o |b https://core.palmknihy.cz/api/books/417434/cover/400?ss124o |c https://core.palmknihy.cz/api/books/417434/cover/50?ss124o |e 2030-07-01 |g 352 |i 9788075552563 |j https://core.palmknihy.cz/api/books/417434/preview.epub |l |q 49 |r 1 |s https://www.palmknihy.cz/kniha/417434 |t ebook |y 2025 |z 1 | ||
| 999 | |d 312640 | ||